| 000 | 00452nam a22001817a 4500 | ||
|---|---|---|---|
| 005 | 20230821113206.0 | ||
| 008 | 230818b |||||||| |||| 00| 0 eng d | ||
| 020 | _a978-93-860-56-10-8 | ||
| 041 | _aeng | ||
| 082 | _a611.026 DAS-T | ||
| 100 |
_aDAS, K.V.KRISHNA _98124 |
||
| 245 | _aTEXTBOOK OF MEDICINE [ VOL-1] | ||
| 250 | _a6TH ED. 2017 | ||
| 260 |
_aNEW DELHI _bJAYPEE BROTHERS _c2017 |
||
| 300 | _a790; P | ||
| 650 |
_aBPT _98125 |
||
| 942 | _cBK | ||
| 999 |
_c8395 _d8393 |
||